Lepanto (Record no. 181053)

MARC details
000 -LEADER
campo de control de longitud fija 00996nam a2200289 i 4500
001 - NÚMERO DE CONTROL
campo de control 181053
003 - IDENTIFICADOR DE NÚMERO DE CONTROL
campo de control ES-MaACL
005 - FECHA Y HORA DE LA ÚLTIMA TRANSACCIÓN
campo de control 20231007172323.0
008 - DATOS DE LONGITUD FIJA--INFORMACIÓN GENERAL
campo de control de longitud fija 121015s2011 sp | |||||||| | spa d
020 ## - NÚMERO INTERNACIONAL ESTÁNDAR DEL LIBRO
Número Internacional Estándar del Libro 978-84-939143-0-1
080 ## - NÚMERO DE LA CLASIFICACIÓN DECIMAL UNIVERSAL
Número de la Clasificación Decimal Universal 355.49(460)"1571"
080 ## - NÚMERO DE LA CLASIFICACIÓN DECIMAL UNIVERSAL
Número de la Clasificación Decimal Universal 94(4-13)"15"
100 1# - ENTRADA PRINCIPAL--NOMBRE DE PERSONA
Nombre de persona Barbero, Alessandro.
9 (RLIN) 25434
245 10 - MENCIÓN DEL TÍTULO
Título Lepanto
Resto del título : la batalla de los tres imperios /
Mención de responsabilidad, etc. Alessandro Barbero ; traducción de Teófilo de Lozoya y Juan Rabasseda.
250 ## - MENCION DE EDICION
Mención de edición 1ª ed.
260 ## - PUBLICACIÓN, DISTRIBUCIÓN, ETC.
Lugar de publicación, distribución, etc. Barcelona :
Nombre del editor, distribuidor, etc. Pasado & Presente,
Fecha de publicación, distribución, etc. D.L. 2011.
300 ## - DESCRIPCIÓN FÍSICA
Extensión 843 p. ;
Dimensiones 23 cm.
504 ## - NOTA DE BIBLIOGRAFÍA, ETC.
Nota de bibliografía, etc. Bibliografía: p. [805]-823. Índice.
650 ## - PUNTO DE ACCESO ADICIONAL DE MATERIA--TÉRMINO DE MATERIA
Término de materia o nombre geográfico como elemento de entrada Batalla de Lepanto, 1571.
9 (RLIN) 171486
651 #4 - PUNTO DE ACCESO ADICIONAL DE MATERIA--NOMBRE GEOGRÁFICO
Nombre geográfico Mediterráneo (Región)-
Subdivisión general Historia-
Subdivisión cronológica S.XVI.
9 (RLIN) 151590
700 0# - ENTRADA AGREGADA--NOMBRE PERSONAL
Nombre de persona Lozoya, Teófilo de.
9 (RLIN) 74479
700 1# - ENTRADA AGREGADA--NOMBRE PERSONAL
Nombre de persona Rabasseda, Juan.
9 (RLIN) 151591
852 ## - LOCALIZACIÓN
Ubicación ES-MaACL
Número de control de estantería A-12269
itemnumber 187936
Sublocalización o colección R.148323
Ubicación en estantería Depósito 1
Signatura antigua Olim: N-5274
942 ## - ELEMENTOS DE ENTRADA SECUNDARIOS (KOHA)
Fuente del sistema de clasificación o colocación Clasificación decimal universal
Tipo de ítem Koha Libro impreso
Holdings
Estatus retirado Estado de pérdida Fuente del sistema de clasificación o colocación Estado de daño No para préstamo Biblioteca de origen Biblioteca actual Ubicación en estantería Fecha de adquisición Fuente de adquisición Total de préstamos Signatura topográfica completa Código de barras Visto por última vez Precio de reemplazo Tipo de ítem Koha
    Clasificación decimal universal     Biblioteca del Ateneo de Madrid Biblioteca del Ateneo de Madrid Depósito 1 15/10/2012 Compra   A-12269 1190264 23/02/2023 23/02/2023 Libro impreso